000 00866nam a22002897a 4500
001 BR0602490
003 BR-BrBNA
005 20230928102208.0
007 ta
008 230509b bl.||||| |||| 00| 0 por d
040 _aBR-BrBNA
_bpor
_cBiblioteca Nacional de Agricultura
041 _a(Por)
072 _aT01
_b3870
090 _ 3870 BR0602490
100 1 _aPiasarolo, L.
110 1 _aUniversidade Federal de Lavras, MG (Brasil)
_0Tese (Mestrado)
245 1 _aInfluência da polaridade de pesticidas não-iônicos sobre sua sorção em um latossolo
260 3 _aLavras, MG (Brasil):
_c2006.
300 _a41 p.
500 _aSummaries (Eng, Por); Bibliography p. 36-41; 5 illus.; 6 tables
650 _aPESTICIDA
650 _aSORÇÃO
650 _aLATOSSOLO
650 _aLIXIVIAÇÃO
909 _a202309
_bLucia
_c55
_dLucia Elande
942 _cBK
999 _c69596
_d69596